000 00970nam a2200265 a 4500
001 BRCA_4260
005 20190320204614.0
008 150610s1905----sp-h######---#000-0#spa-#
041 _aspa
044 _asp
050 4 _aPQ6337
_b.I26 1
_c1905
245 1 0 _aIconografía de las ediciones del Quijote de Miguel de Cervantes Saavedra.
260 _aBarcelona
_bHenrich y Cia
_c1905
300 _a2 v.
_bil.
_c26 cm.
500 _aTitulo en cubierta: Iconografía de las ediciones del Quijote: facsímiles de 611 portadas: 1605-1905
500 _aEstado físico: Tejuelos deteriorados
500 _aEjemplar igual a QMR115 (3 v.; v.1 (2 ej.))
500 _aAM73
504 _aIncluye referencias bibliográficas
505 0 _aContenido: v.2. Traducciones francesas. -- v.3. Traducciones inglesas y políglotas
600 1 4 _aCervantes Saavedra, Miguel de
_d1547-1616
_9213
650 1 4 _aLiteratura española
_y1500-1700
_910987
902 _aGFM
942 _2lcc
_cB
999 _c3971
_d3971